000
00311nam a22001097a 4500
008
161205b xxu||||| |||| 00| 0 eng d
100
_a
Pouget, R.
245
_a
La fabrication des timbres-poste francais
260
_a
Paris, France
_b
Imprimerie Nationale
_c
1954
500
_3
Photocopy
650
_a
France | Production
999
_c
2147
_d
2147